| 000 | 00503cam a2200193ua 4500 | ||
|---|---|---|---|
| 001 | 11041 | ||
| 008 | 190805n ii |||gr||||Z||||||eng | ||
| 020 | _a9789387956803 | ||
| 040 | _cMAIN | ||
| 041 | _aeng | ||
| 082 | _a371.4 | ||
| 100 |
_aMarami Goswami, _eAuthor. |
||
| 245 |
_aIntroduction to guidance and counselling _cBy Marami Goswami |
||
| 250 | _a1st ed. | ||
| 260 |
_aDibrugarh: _bBanalata, _c2019. |
||
| 300 | _a264p. | ||
| 653 | _aSchools & their activities special education | ||
| 942 | _cBK | ||
| 999 |
_c9946 _d9946 |
||